000 00322nam a22001337a 4500
020 _a0815729413
082 _a332.634 FRO
100 _aFromm Gary
245 _aTax incentives and capital spending
260 _alondon
_bNorth-Holland
_c1971
300 _axvii, 301p.
_bill, 22cm.
500 _aInclude index
942 _cBK
999 _c15330
_d15330